000 00640nam a2200205Ia 4500
003 OSt
005 20240328120547.0
008 210210b1995 xxu||||| |||| 00| 0 eng d
040 _cAL
041 _aKannada
082 _aK894.9 KRAK
100 _aKRASHNAKUMAR (C P).
_9116987
_dಕೃಷ್ಣಕುಮಾರ್ (ಸಿ ಪಿ)
245 _aKuvempu sahitya sandhana.
_bಕುವೆಂಪು ಸಾಹಿತ್ಯ ಸಂಧಾನ
260 _aMaisuru
_bKuvempu kannada adhyayana samsthe
_c1995
300 _axii,148
650 _aPuttappa K V
_9116988
690 _aKannada Criticism
_9116989
906 _aSG04301
942 _2ddc
_cBK
999 _c115354
_d115354